000 00553cam a2200181 4500
001 D4015
008 090401t1967 xxu||||| |||| 00| 0 eng d
035 _a(Sirsi) u76140
041 _aeng
050 _a692.5
100 _aGeddes, Spence
245 _aBuilding and public works administration, estimating and costing: for the use of civil engineers, surveyors, and building contractors. Revised by G. Chrystal-Smith
260 _aLondon
_bGeorge Newnes Ltd
_c1967
300 _ax. 296p. 26cm
350 _a2.5
942 _n0
948 _c04/03/1997
999 _c96123
_d96123